[Event "ITA-ch qual CM"]
[Site "Alessandria"]
[Date "2018.07.26"]
[Round "6.1"]
[White "Vilona, Leonardo"]
[Black "Cappelletto, Joshuaede"]
[Result "0-1"]
[WhiteElo "1909"]
[BlackElo "2029"]
[PlyCount "76"]
[EventDate "2018.07.21"]
[EventType "swiss"]
[EventRounds "9"]
[EventCountry "ITA"]
[SourceTitle "EXT 2023"]
[Source "ChessBase"]
[SourceDate "2022.10.05"]
[SourceVersion "1"]
[SourceVersionDate "2022.10.05"]
[SourceQuality "1"]

1. d4 Nf6 2. c4 c5 3. d5 e6 4. Nc3 exd5 5. cxd5 d6 6. e4 g6 7. Nf3 Bg7 8. Bd3 0-0 9. 0-0 a6 10. a4 Bg4 11. h3 Bxf3 12. Qxf3 Nbd7 13. Bf4 Qe7 14. Qg3 Ne8 15. Rfe1 Ne5 16. Bxe5 Bxe5 17. f4 Bd4+ 18. Kh1 Nf6 19. Re2 Nh5 20. Qg4 Qf6 21. Rf1 Bxc3 22. bxc3 Qxc3 23. Rf3 Rae8 24. Kh2 Qd4 25. Qd7 c4 26. Bc2 Qb6 27. a5 Qxa5 28. Qxb7 Qb5 29. Qc7 Rd8 30. g4 Nf6 31. Rc3 Rfe8 32. Rd2 Qb2 33. Rxc4 Rd7 34. Qa5 Qc1 35. Rf2 Rde7 36. e5 dxe5 37. Re4 Nxe4 38. Bxe4 Qe3 0-1